The world book encyclopedia; Vol. 19. (Record no. 1054)

000 -LEADER
fixed length control field 00788nam a2200205 a 4500
001 - CONTROL NUMBER
control field :::00017037$&:&@@
003 - CONTROL NUMBER IDENTIFIER
control field OkBaRHE
005 - DATE AND TIME OF LATEST TRANSACTION
control field 20100326125617.0
008 - FIXED-LENGTH DATA ELEMENTS--GENERAL INFORMATION
fixed length control field s1987 j 000 0 eng u
020 ## - INTERNATIONAL STANDARD BOOK NUMBER
International Standard Book Number 0716600870 (set)
040 ## - CATALOGING SOURCE
Transcribing agency
245 14 - TITLE STATEMENT
Title The world book encyclopedia; Vol. 19.
260 ## - PUBLICATION, DISTRIBUTION, ETC. (IMPRINT)
Place of publication, distribution, etc Chicago, IL., :
Name of publisher, distributor, etc World Book
Date of publication, distribution, etc 1987
300 ## - PHYSICAL DESCRIPTION
Extent v. (1-22) : illus. (some col.) ;
Dimensions 26 cm.
520 ## - SUMMARY, ETC.
Summary, etc An encyclopedia designed especially to meet the needs of elementary, junior high, and senior high school students.
650 ## - SUBJECT ADDED ENTRY--TOPICAL TERM
Topical term or geographic name as entry element Encyclopedias and Dictionaries
700 ## - ADDED ENTRY--PERSONAL NAME
Personal name World Book, Inc.
942 ## - ADDED ENTRY ELEMENTS (KOHA)
Source of classification or shelving scheme
Koha item type Books
Copies
Withdrawn status Barcode Collection code Price effective from Permanent Location Copy number Date acquired Not for loan Koha item type Shelving location Source of classification or shelving scheme Date last seen Lost status Full call number Current Location Damaged status
 17037Reference2010-04-14RHEMA Bible Training College12010-04-14 BooksGeneral Stacks 2018-01-09 AE 5 .W55 v.19 1987RHEMA Bible Training College